Climate change modeling, mitigation, and adaptation / (Record no. 532437)
[ view plain ]
| 000 -LEADER | |
|---|---|
| fixed length control field | 01370cam a2200325 i 4500 |
| 001 - CONTROL NUMBER | |
| control field | 17610140 |
| 003 - CONTROL NUMBER IDENTIFIER | |
| control field | nuSt |
| 005 - DATE AND TIME OF LATEST TRANSACTION | |
| control field | 20191120154049.0 |
| 008 - FIXED-LENGTH DATA ELEMENTS--GENERAL INFORMATION | |
| fixed length control field | 130201t20132013vaua b 001 0 eng |
| 010 ## - LIBRARY OF CONGRESS CONTROL NUMBER | |
| LC control number | 2012050225 |
| 020 ## - INTERNATIONAL STANDARD BOOK NUMBER | |
| International Standard Book Number | 9780784412718 (pbk.) |
| 020 ## - INTERNATIONAL STANDARD BOOK NUMBER | |
| International Standard Book Number | 0784412715 (pbk.) |
| 020 ## - INTERNATIONAL STANDARD BOOK NUMBER | |
| Canceled/invalid ISBN | 9780784477724 (pdf) |
| 038 ## - RECORD CONTENT LICENSOR | |
| Staff Name | MSOHAIL |
| 040 ## - CATALOGING SOURCE | |
| Original cataloging agency | DLC |
| Language of cataloging | eng |
| Transcribing agency | DLC |
| Description conventions | rda |
| Modifying agency | DLC |
| 042 ## - AUTHENTICATION CODE | |
| Authentication code | pcc |
| 050 00 - LIBRARY OF CONGRESS CALL NUMBER | |
| Classification number | TD885.5.G73 |
| Item number | C573 2013 |
| 082 00 - DEWEY DECIMAL CLASSIFICATION NUMBER | |
| Classification number | 628.532 |
| Edition number | 23 |
| 245 00 - TITLE STATEMENT | |
| Title | Climate change modeling, mitigation, and adaptation / |
| Statement of responsibility, etc. | edited by Rao Y. Surampalli, Tian C. Zhang, C.S.P. Ojha, B. Gurjar, R.D. Tyagi, C.M. Kao ; sponsored by Environmental Council, Environmental and Water Resources Institute (EWRI) of the American Society of Civil Engineers. |
| 300 ## - PHYSICAL DESCRIPTION | |
| Extent | xviii, 708 pages : |
| Other physical details | illustrations ; |
| Dimensions | 22 cm |
| 504 ## - BIBLIOGRAPHY, ETC. NOTE | |
| Bibliography, etc. note | Includes bibliographical references and index. |
| 650 #0 - SUBJECT ADDED ENTRY--TOPICAL TERM | |
| Topical term or geographic name entry element | Greenhouse gas mitigation. |
| 9 (RLIN) | 25954 |
| 650 #0 - SUBJECT ADDED ENTRY--TOPICAL TERM | |
| Topical term or geographic name entry element | Climatic changes |
| General subdivision | Mathematical models. |
| 9 (RLIN) | 25955 |
| 650 #0 - SUBJECT ADDED ENTRY--TOPICAL TERM | |
| Topical term or geographic name entry element | Climatic changes |
| General subdivision | Social aspects. |
| 9 (RLIN) | 25956 |
| 700 1# - ADDED ENTRY--PERSONAL NAME | |
| Personal name | Surampalli, Rao Y., |
| Relator term | editor of compilation. |
| 9 (RLIN) | 5989 |
| 710 2# - ADDED ENTRY--CORPORATE NAME | |
| Corporate name or jurisdiction name as entry element | Environmental and Water Resources Institute (U.S.) |
| 9 (RLIN) | 5865 |
| 906 ## - LOCAL DATA ELEMENT F, LDF (RLIN) | |
| a | 7 |
| b | cbc |
| c | orignew |
| d | 1 |
| e | ecip |
| f | 20 |
| g | y-gencatlg |
| 942 ## - ADDED ENTRY ELEMENTS (KOHA) | |
| Source of classification or shelving scheme | |
| Koha item type | Book |
| Withdrawn status | Lost status | Source of classification or shelving scheme | Damaged status | Not for loan | Permanent Location | Current Location | Date acquired | Total Checkouts | Full call number | Barcode | Date last seen | Price effective from | Koha item type |
|---|---|---|---|---|---|---|---|---|---|---|---|---|---|
| School of Civil and Environmental Engineering (SCEE) | School of Civil and Environmental Engineering (SCEE) | 11/20/2019 | 628.532 | NIT-12345 | 11/20/2019 | 11/20/2019 | Book |
